[Event "Titled Tuesday intern op 21st May Late"]
[Site "Chess.com INT"]
[Date "2024.05.21"]
[Round "2"]
[White "Dwilewicz, Katarzyna"]
[Black "Santos, Isaque Goncalves"]
[Result "1-0"]
[WhiteElo "2130"]
[BlackElo "1980"]
[PlyCount "67"]
[EventDate "2024.05.21"]
[EventType "swiss (blitz)"]
[EventRounds "11"]
[EventCountry "USA"]
[SourceTitle "CB22_2024"]
[SourceDate "2024.05.29"]
[SourceVersion "1"]
[SourceVersionDate "2024.05.29"]
[SourceQuality "1"]

1. e4 e6 2. b3 d5 3. Bb2 Nf6 4. e5 Nfd7 5. f4 c5 6. Qg4 h5 7. Qg3 h4 8. Qg4 Nc6 9. Nf3 d4 10. Bb5 Nb4 11. Na3 a6 12. Bxd7+ Bxd7 13. 0-0 Bc6 14. h3 Rh6 15. Ng5 Be7 16. Rf2 Qd5 17. Re1 b5 18. f5 Bd7 19. Nxf7 Kxf7 20. fxe6+ Kg8 21. exd7 Kh7 22. Qf5+ Rg6 23. Re4 Rf8 24. Qh5+ Rh6 25. Qe2 Rxf2 26. Kxf2 Qxd7 27. d3 Qf5+ 28. Kg1 Bg5 29. e6 Be3+ 30. Kh2 Rxe6 31. Rxh4+ Kg8 32. Qg4 Qxg4 33. Rxg4 Nxa2 34. h4 1-0

[Event "Titled Tuesday intern op 21st May Early"]
[Site "Chess.com INT"]
[Date "2024.05.21"]
[Round "4"]
[White "Santos, Isaque Goncalves"]
[Black "Buenafe Moya, Javier"]
[Result "0-1"]
[WhiteElo "1980"]
[BlackElo "2185"]
[PlyCount "84"]
[EventDate "2024.05.21"]
[EventType "swiss (blitz)"]
[EventRounds "11"]
[EventCountry "USA"]
[SourceTitle "CB22_2024"]
[SourceDate "2024.05.29"]
[SourceVersion "1"]
[SourceVersionDate "2024.05.29"]
[SourceQuality "1"]

1. d4 Nf6 2. c4 e6 3. Nc3 Bb4 4. e3 0-0 5. Bd3 c5 6. Nge2 d5 7. a3 Bxc3+ 8. bxc3 Nc6 9. 0-0 dxc4 10. Bxc4 Qc7 11. Ng3 b6 12. Nh5 Nxh5 13. Qxh5 Rd8 14. Bd2 Bb7 15. Bd3 g6 16. Qh6 Ne5 17. Be2 cxd4 18. cxd4 Qc2 19. Rfd1 Nd3 20. h4 Nb2 21. Rac1 Qb3 22. Re1 Qxa3 23. Bc3 Rac8 24. Bd2 Nd3 25. Bxd3 Qxd3 26. Bb4 Qe4 27. Qg5 h6 28. Qg3 Kg7 29. Ba3 Rxc1 30. Rxc1 Rc8 31. Re1 Rc2 32. Bc1 h5 33. f3 Qd3 34. Qe5+ Kh7 35. Qf6 Rc7 36. e4 Qc3 37. Rf1 Rd7 38. Qg5 Qxd4+ 39. Be3 Qg7 40. e5 Bd5 41. Qg3 Rc7 42. Bg5 Rc2 0-1

[Event "Titled Tuesday intern op 21st May Late"]
[Site "Chess.com INT"]
[Date "2024.05.21"]
[Round "11"]
[White "Santos, Isaque Goncalves"]
[Black "Guevara Sanchez, Erick Marvin"]
[Result "0-1"]
[WhiteElo "1980"]
[BlackElo "2056"]
[PlyCount "82"]
[EventDate "2024.05.21"]
[EventType "swiss (blitz)"]
[EventRounds "11"]
[EventCountry "USA"]
[SourceTitle "CB22_2024"]
[SourceDate "2024.05.29"]
[SourceVersion "1"]
[SourceVersionDate "2024.05.29"]
[SourceQuality "1"]

1. d4 Nf6 2. c4 d5 3. cxd5 c6 4. dxc6 Nxc6 5. Nf3 Bg4 6. e3 e5 7. Be2 Bxf3 8. Bxf3 exd4 9. Bxc6+ bxc6 10. Qxd4 Qxd4 11. exd4 Bb4+ 12. Bd2 Bxd2+ 13. Nxd2 0-0 14. 0-0 Rad8 15. Nb3 Rfe8 16. Rfe1 h6 17. f3 Nd5 18. Kf2 Nb4 19. Rxe8+ Rxe8 20. a3 Nd3+ 21. Kf1 Nxb2 22. Rc1 Nd3 23. Rd1 Nf4 24. Na5 Re3 25. Nxc6 Rxa3 26. d5 Rc3 27. Nxa7 Rc7 28. Nb5 Rd7 29. d6 f6 30. Rc1 Kf7 31. Rc7 Ke6 32. Rc6 Ng6 33. Nc7+ Kf7 34. Nb5 Ke6 35. g3 Ne5 36. Nc7+ Kf7 37. Ra6 Nxf3 38. Ke2 Nd4+ 39. Kd3 Nf5 40. Nb5 Ke6 41. Ke4 Nxd6+ 0-1

[Event "Titled Tuesday intern op 21st May Late"]
[Site "Chess.com INT"]
[Date "2024.05.21"]
[Round "5"]
[White "Santos, Isaque Goncalves"]
[Black "Lenoir Ibacache, Gabriel Alberto"]
[Result "0-1"]
[WhiteElo "1980"]
[BlackElo "2228"]
[PlyCount "106"]
[EventDate "2024.05.21"]
[EventType "swiss (blitz)"]
[EventRounds "11"]
[EventCountry "USA"]
[SourceTitle "CB22_2024"]
[SourceDate "2024.05.29"]
[SourceVersion "1"]
[SourceVersionDate "2024.05.29"]
[SourceQuality "1"]

1. d4 d5 2. c4 e6 3. Nc3 Nf6 4. Bg5 Be7 5. e3 dxc4 6. Bxc4 c5 7. Nf3 Nc6 8. 0-0 cxd4 9. exd4 a6 10. Re1 0-0 11. Qd2 h6 12. Bf4 Re8 13. Rad1 Nb4 14. a3 Nbd5 15. Be5 b5 16. Bd3 Bb7 17. Ne4 Rc8 18. b4 Ba8 19. Nc5 Qb6 20. Bb1 Bf8 21. h3 g6 22. Nh2 Qc6 23. f3 Nd7 24. Ng4 Nxc5 25. dxc5 Kh7 26. Be4 Rcd8 27. Nf6+ Nxf6 28. Bxc6 Rxd2 29. Rxd2 Bxc6 30. Bxf6 Bd5 31. Rc1 h5 32. c6 Bh6 33. Rdc2 Rc8 34. c7 Be3+ 35. Kh2 g5 36. Bd8 Kg6 37. Re1 Bf4+ 38. g3 Bb3 39. Rc3 Bd2 40. Rxb3 Bxe1 41. Rd3 Kg7 42. Rd6 h4 43. gxh4 gxh4 44. Kg2 Bg3 45. Rxa6 Bxc7 46. Bxc7 Rxc7 47. Rb6 Rc2+ 48. Kf1 Rc3 49. Rxb5 Rxf3+ 50. Ke2 Rxa3 51. Rh5 Rxh3 52. b5 Kg6 53. Rh8 Rh2+ 0-1

[Event "Titled Tuesday intern op 21st May Late"]
[Site "Chess.com INT"]
[Date "2024.05.21"]
[Round "4"]
[White "Santos, Isaque Goncalves"]
[Black "Narva, Triin"]
[Result "1-0"]
[WhiteElo "1980"]
[BlackElo "2079"]
[PlyCount "68"]
[EventDate "2024.05.21"]
[EventType "swiss (blitz)"]
[EventRounds "11"]
[EventCountry "USA"]
[SourceTitle "CB22_2024"]
[SourceDate "2024.05.29"]
[SourceVersion "1"]
[SourceVersionDate "2024.05.29"]
[SourceQuality "1"]

1. d4 g6 2. c4 Bg7 3. Nc3 Nf6 4. e4 d6 5. f3 0-0 6. Be3 Nbd7 7. Qd2 b6 8. Bh6 c5 9. d5 a6 10. h4 Nh5 11. Nge2 e5 12. g4 Nhf6 13. h5 Qe7 14. Ng3 Re8 15. Bxg7 Kxg7 16. Qg5 h6 17. Nf5+ Kg8 18. Nxe7+ Rxe7 19. Qxh6 gxh5 20. g5 Nh7 21. Rxh5 Ndf8 22. Qxd6 Raa7 23. 0-0-0 Rab7 24. Be2 Ng6 25. Rdh1 Ngf8 26. Qh6 b5 27. cxb5 a5 28. Bc4 Red7 29. d6 Rb6 30. g6 Nxg6 31. Qxg6+ Kf8 32. Qh6+ Ke8 33. Qxh7 Rbxd6 34. Rxe5+ Kd8 1-0

[Event "Titled Tuesday intern op 21st May Late"]
[Site "Chess.com INT"]
[Date "2024.05.21"]
[Round "1"]
[White "Santos, Isaque Goncalves"]
[Black "Sivakumar, Shaaketh"]
[Result "0-1"]
[WhiteElo "1980"]
[BlackElo "2369"]
[PlyCount "150"]
[EventDate "2024.05.21"]
[EventType "swiss (blitz)"]
[EventRounds "11"]
[EventCountry "USA"]
[SourceTitle "CB22_2024"]
[SourceDate "2024.05.29"]
[SourceVersion "1"]
[SourceVersionDate "2024.05.29"]
[SourceQuality "1"]

1. d4 a6 2. c4 b5 3. Nc3 Bb7 4. e3 b4 5. Na4 e6 6. b3 f5 7. Nb2 Nf6 8. f3 g5 9. Bd3 Bg7 10. Bd2 g4 11. Bxb4 Nh5 12. Qe2 Qh4+ 13. Qf2 g3 14. Qe2 gxh2+ 15. Qf2 Ng3 16. Nh3 Bf6 17. Rxh2 Nc6 18. Bc3 0-0-0 19. 0-0-0 f4 20. exf4 Rhg8 21. Be1 Bxd4 22. Qd2 Qf6 23. Na4 Rg6 24. Ng5 Rh6 25. Bxg3 Rxh2 26. Bxh2 Ne7 27. Ne4 Qh4 28. Bg3 Qh5 29. Be2 Nf5 30. Bf2 Bh8 31. g4 Qf7 32. gxf5 exf5 33. Ng5 Qf6 34. Bd4 Qe7 35. Bxh8 Rxh8 36. Bd3 h6 37. Bxf5 Bc6 38. Nc3 hxg5 39. fxg5 Rf8 40. Bg4 Qg7 41. Qd4 Qxg5+ 42. Kb2 Rf7 43. Qa7 Bb7 44. Nd5 Qe5+ 45. Qd4 Qe2+ 46. Rd2 Qe1 47. Qc5 Qxd2+ 48. Ka3 Bc6 49. Ne7+ Kb7 50. Nxc6 dxc6 51. Qb4+ Qxb4+ 52. Kxb4 Re7 53. Kc5 Re2 54. a4 a5 55. f4 Re4 56. Bf3 Rxf4 57. Bxc6+ Ka7 58. Bd5 Rf6 59. Kb5 Rb6+ 60. Kxa5 Rxb3 61. Bc6 Rb6 62. Bb5 Rf6 63. c5 c6 64. Bc4 Rf4 65. Kb4 Kb7 66. Kc3 Rf5 67. Kb4 Kc7 68. a5 Rf8 69. a6 Ra8 70. Ka5 Ra7 71. Bd3 Ra8 72. Bc4 Rb8 73. a7 Rb1 74. Ba6 Ra1+ 75. Kb4 Rxa6 0-1

[Event "Titled Tuesday intern op 16th Apr Late"]
[Site "Chess.com INT"]
[Date "2024.04.16"]
[Round "5"]
[White "Santos, Isaque Goncalves"]
[Black "Minina, Veronika"]
[Result "1-0"]
[WhiteElo "1980"]
[BlackElo "2057"]
[PlyCount "93"]
[EventDate "2024.04.16"]
[EventType "swiss (blitz)"]
[EventRounds "11"]
[EventCountry "USA"]
[SourceTitle "CB17_2024"]
[SourceDate "2024.04.24"]
[SourceVersion "1"]
[SourceVersionDate "2024.04.24"]
[SourceQuality "1"]

1. d4 d5 2. c4 e6 3. Nc3 Nf6 4. Nf3 Nbd7 5. Bg5 Be7 6. cxd5 exd5 7. e3 c6 8. Bd3 h6 9. Bh4 Nh5 10. Bxe7 Qxe7 11. 0-0 0-0 12. Rb1 a5 13. a3 Nhf6 14. b4 Re8 15. Qc2 Ne4 16. Rfc1 Ndf6 17. Ne5 Nxc3 18. Qxc3 Ne4 19. Qb3 Nd6 20. b5 cxb5 21. Bxb5 Rd8 22. Qxd5 Be6 23. Qf3 Bf5 24. Rb3 f6 25. Bc4+ Kh7 26. Ng4 Nxc4 27. Qxf5+ g6 28. Qxf6 Qxf6 29. Nxf6+ Kg7 30. Nh5+ gxh5 31. Rxc4 Rd7 32. Kf1 Rb8 33. Rb6 Rf8 34. Ke2 Rf5 35. f3 Rg5 36. g3 h4 37. Kf2 hxg3+ 38. hxg3 Rh5 39. Kg2 Rhd5 40. a4 h5 41. Rb5 Rxb5 42. axb5 Kg6 43. b6 Rd6 44. Rc5 Rxb6 45. Rxa5 Rb3 46. Kh3 Rxe3 47. f4 1-0

[Event "Titled Tuesday intern op 02nd Apr Early"]
[Site "Chess.com INT"]
[Date "2024.04.02"]
[Round "11"]
[White "Quirke, Jeffrey"]
[Black "Santos, Isaque Goncalves"]
[Result "1-0"]
[WhiteElo "1992"]
[BlackElo "1980"]
[PlyCount "69"]
[EventDate "2024.04.02"]
[EventType "swiss (blitz)"]
[EventRounds "11"]
[EventCountry "USA"]
[SourceTitle "CB15_2024"]
[SourceDate "2024.04.10"]
[SourceVersion "1"]
[SourceVersionDate "2024.04.10"]
[SourceQuality "1"]

1. e4 e6 2. d4 d5 3. exd5 exd5 4. Bf4 Bd6 5. Qd2 Nf6 6. Nc3 0-0 7. 0-0-0 Bb4 8. f3 Bf5 9. g4 Bg6 10. h4 h5 11. Bd3 hxg4 12. fxg4 Ne4 13. Bxe4 Bxe4 14. Rh2 Nd7 15. g5 Nb6 16. h5 Qe7 17. Nge2 Nc4 18. Qe1 Nxb2 19. Kxb2 Ba3+ 20. Ka1 Bxc2 21. Rd2 Be4 22. Be5 f6 23. gxf6 gxf6 24. Qg3+ Kh8 25. Nf4 fxe5 26. Ng6+ Bxg6 27. hxg6+ Kg8 28. Qh3 Qg7 29. Qe6+ Rf7 30. gxf7+ Kf8 31. Rdg2 Bb2+ 32. Kxb2 exd4 33. Rh8+ Qxh8 34. Rg8+ Qxg8 35. fxg8Q# 1-0

[Event "Titled Tuesday intern op 02nd Apr Early"]
[Site "Chess.com INT"]
[Date "2024.04.02"]
[Round "7"]
[White "Santos, Isaque Goncalves"]
[Black "Montano Vicente, Guadalupe"]
[Result "1-0"]
[WhiteElo "1980"]
[BlackElo "1819"]
[PlyCount "87"]
[EventDate "2024.04.02"]
[EventType "swiss (blitz)"]
[EventRounds "11"]
[EventCountry "USA"]
[SourceTitle "CB15_2024"]
[SourceDate "2024.04.10"]
[SourceVersion "1"]
[SourceVersionDate "2024.04.10"]
[SourceQuality "1"]

1. d4 Nf6 2. c4 g6 3. Nc3 Bg7 4. e4 d6 5. f3 0-0 6. Be3 c5 7. d5 a6 8. Qd2 Bd7 9. g4 b5 10. cxb5 axb5 11. Bxb5 Bxb5 12. Nxb5 Na6 13. Ne2 Nd7 14. 0-0 Ne5 15. Rac1 Rb8 16. a4 Nb4 17. b3 Na6 18. Kg2 Nc7 19. Nec3 Nd7 20. Nxc7 Bxc3 21. Qxc3 Qxc7 22. Bh6 Ne5 23. f4 f6 24. fxe5 dxe5 25. Bxf8 Kxf8 26. Qxc5 Qxc5 27. Rxc5 Rxb3 28. Rc4 Ra3 29. Rf2 Kf7 30. Rb2 h5 31. gxh5 gxh5 32. Rb8 Re3 33. a5 Ra3 34. Rb5 f5 35. exf5 Kf6 36. Rc6+ Kxf5 37. a6 Kf4 38. Rb7 e4 39. Rxe7 e3 40. Rce6 Ra2+ 41. Kh3 Kf3 42. Rf7+ Ke2 43. a7 Kd2 44. Rfe7 1-0

[Event "Titled Tuesday intern op 02nd Apr Early"]
[Site "Chess.com INT"]
[Date "2024.04.02"]
[Round "5"]
[White "Santos, Isaque Goncalves"]
[Black "Piddubna, Bozhena"]
[Result "0-1"]
[WhiteElo "1980"]
[BlackElo "2005"]
[PlyCount "118"]
[EventDate "2024.04.02"]
[EventType "swiss (blitz)"]
[EventRounds "11"]
[EventCountry "USA"]
[SourceTitle "CB15_2024"]
[SourceDate "2024.04.10"]
[SourceVersion "1"]
[SourceVersionDate "2024.04.10"]
[SourceQuality "1"]

1. d4 Nf6 2. c4 e6 3. Nc3 Bb4 4. Bd2 0-0 5. f3 d5 6. a3 Be7 7. c5 b6 8. b4 a5 9. e3 axb4 10. axb4 Rxa1 11. Qxa1 bxc5 12. bxc5 Nc6 13. f4 Ng4 14. Nf3 f6 15. h3 Nh6 16. Bb5 Bd7 17. Qa2 Nb4 18. Qb1 Nc6 19. 0-0 Nf5 20. g4 Ng3 21. Re1 f5 22. g5 h6 23. h4 hxg5 24. hxg5 g6 25. Kg2 Ne4 26. Nxe4 fxe4 27. Nh2 Kg7 28. Ng4 Bxg5 29. fxg5 Qxg5 30. Be2 e5 31. Qd1 Rf3 32. Bxf3 exf3+ 33. Qxf3 Bxg4 34. Qg3 exd4 35. Qxc7+ Kh6 36. Rh1+ Bh5+ 37. Kf1 Qf6+ 38. Qf4+ Qxf4+ 39. exf4 Kg7 40. Kf2 Kf6 41. Rc1 Kf5 42. Ra1 Ke4 43. Ra6 Nd8 44. c6 Ne6 45. Ra7 Bg4 46. c7 Nc5 47. Ba5 Nd3+ 48. Kg1 Nxf4 49. Ra8 d3 50. c8Q Bxc8 51. Rxc8 d4 52. Kf2 Nh3+ 53. Kg3 Ng5 54. Re8+ Kd5 55. Bd2 Ne4+ 56. Kf4 Nxd2 57. Rd8+ Kc4 58. Ke5 Kc3 59. Rxd4 Nc4+ 0-1

[Event "Titled Tuesday intern op 06th Feb Late"]
[Site "Chess.com INT"]
[Date "2024.02.06"]
[Round "7"]
[White "Santos, Isaque Goncalves"]
[Black "Chabris, Christopher"]
[Result "0-1"]
[WhiteElo "1996"]
[BlackElo "2094"]
[PlyCount "90"]
[EventDate "2024.02.06"]
[EventType "swiss (blitz)"]
[EventRounds "11"]
[EventCountry "USA"]
[SourceTitle "CB07_2024"]
[SourceDate "2024.02.14"]
[SourceVersion "1"]
[SourceVersionDate "2024.02.14"]
[SourceQuality "1"]

1. d4 Nf6 2. c4 e6 3. Nc3 Bb4 4. e3 0-0 5. Bd3 d5 6. Nge2 dxc4 7. Bxc4 c5 8. a3 Bxc3+ 9. bxc3 Qc7 10. Bd3 Nc6 11. 0-0 e5 12. d5 Nxd5 13. Bxh7+ Kxh7 14. Qxd5 Be6 15. Qxc5 Rad8 16. Ng3 f5 17. c4 Rf7 18. e4 f4 19. Ne2 a6 20. f3 Rd3 21. a4 Qd8 22. Ba3 Rd2 23. Bb4 Rxe2 24. Rfd1 Qg5 25. g3 fxg3 26. Kf1 Rf2+ 27. Ke1 R2xf3 28. Qg1 Re3+ 29. Kd2 Rd7+ 30. Kc2 Re2+ 31. Kc3 Qe3+ 32. Qxe3 Rxe3+ 33. Kc2 Rxd1 34. Rxd1 Re2+ 35. Kd3 Nd4 36. hxg3 Kg6 37. Rf1 Rg2 38. Be1 Rb2 39. Bf2 Rb3+ 40. Kd2 Bxc4 41. Bxd4 Bxf1 42. Bxe5 Bg2 43. Kc2 Re3 44. Bf4 Rxe4 45. Kd3 Rxa4 0-1

[Event "Titled Tuesday intern op 06th Feb Early"]
[Site "Chess.com INT"]
[Date "2024.02.06"]
[Round "7"]
[White "Santos, Isaque Goncalves"]
[Black "Darmanin, Jake"]
[Result "0-1"]
[WhiteElo "1996"]
[BlackElo "2091"]
[PlyCount "92"]
[EventDate "2024.02.06"]
[EventType "swiss (blitz)"]
[EventRounds "11"]
[EventCountry "USA"]
[SourceTitle "CB07_2024"]
[SourceDate "2024.02.14"]
[SourceVersion "1"]
[SourceVersionDate "2024.02.14"]
[SourceQuality "1"]

1. d4 Nf6 2. c4 e6 3. Nc3 d5 4. Bg5 Bb4 5. e3 dxc4 6. Bxc4 h6 7. Bh4 g5 8. Bg3 Ne4 9. Qb3 Nc6 10. Nge2 Qe7 11. a3 Ba5 12. 0-0 Nd2 13. Qa4 Nxf1 14. Rxf1 Bxc3 15. bxc3 Bd7 16. Qb5 Nxd4 17. Qxb7 Nxe2+ 18. Bxe2 0-0 19. Qxc7 Rac8 20. Qb7 Rfe8 21. Qxa7 Rxc3 22. Be5 Rxa3 23. Qc7 Ra2 24. Bd3 Qd8 25. Qc3 Qc8 26. Qd4 Ra4 27. Qb2 Ra5 28. Bh8 Kf8 29. Qg7+ Ke7 30. Qf6+ Kd6 31. Qd4+ Rd5 32. Be5+ Ke7 33. Bf6+ Kf8 34. Bg7+ Kg8 35. Qf6 e5 36. Qxh6 f5 37. Qh8+ Kf7 38. Qh7 Ke6 39. Qg6+ Ke7 40. Bf6+ Kd6 41. Bxg5+ Re6 42. Qf7 Rxd3 43. Rb1 Qb7 44. Qf8+ Kd5 45. e4+ fxe4 46. Rxb7 Rd1# 0-1

[Event "Titled Tuesday intern op 06th Feb Early"]
[Site "Chess.com INT"]
[Date "2024.02.06"]
[Round "6"]
[White "Viskelis, Darius"]
[Black "Santos, Isaque Goncalves"]
[Result "1-0"]
[WhiteElo "2181"]
[BlackElo "1996"]
[PlyCount "89"]
[EventDate "2024.02.06"]
[EventType "swiss (blitz)"]
[EventRounds "11"]
[EventCountry "USA"]
[SourceTitle "CB07_2024"]
[SourceDate "2024.02.14"]
[SourceVersion "1"]
[SourceVersionDate "2024.02.14"]
[SourceQuality "1"]

1. e4 e6 2. d4 d5 3. e5 c5 4. c3 Nc6 5. Nf3 Bd7 6. a3 c4 7. Be2 Qb6 8. 0-0 Nge7 9. Re1 f5 10. exf6 gxf6 11. Nbd2 Na5 12. Nf1 0-0-0 13. Bf4 Ng6 14. Bg3 Nb3 15. Rb1 Bd6 16. N3d2 Ba4 17. Nxb3 Bxb3 18. Qd2 Rde8 19. Bd1 Bxd1 20. Qxd1 Qc7 21. b3 Bxg3 22. Nxg3 h5 23. bxc4 Qxc4 24. Nf1 Kb8 25. Ne3 Qxc3 26. Rb3 Qc6 27. Qb1 Rc8 28. Qxg6 e5 29. dxe5 d4 30. Qxf6 dxe3 31. Rbxe3 Qd5 32. Qd6+ Qxd6 33. exd6 Rhd8 34. Rd3 Rc6 35. Red1 b6 36. g3 Kb7 37. h4 a6 38. Rd5 b5 39. Rxh5 Rdxd6 40. Rxd6 Rxd6 41. g4 Rd3 42. g5 Rxa3 43. g6 Rc3 44. g7 Rc8 45. Rh8 1-0

[Event "Sao Paulo Sampa op"]
[Site "Sao Paulo"]
[Date "2024.02.01"]
[Round "5"]
[White "Silva, Juliana Figueira Th"]
[Black "Santos, Isaque Goncalves"]
[Result "0-1"]
[WhiteElo "1810"]
[BlackElo "1996"]
[PlyCount "100"]
[EventDate "2024.01.29"]
[EventType "swiss"]
[EventRounds "9"]
[EventCountry "BRA"]
[SourceTitle "CB06_2024"]
[SourceDate "2024.02.07"]
[SourceVersion "1"]
[SourceVersionDate "2024.02.07"]
[SourceQuality "1"]

1. d4 d5 2. c4 c6 3. Nc3 e6 4. e3 Nf6 5. Nf3 Bb4 6. Bd3 Nbd7 7. 0-0 0-0 8. Qc2 Re8 9. a3 Bf8 10. Rd1 h6 11. e4 dxe4 12. Nxe4 Nxe4 13. Bxe4 Nf6 14. Bd3 Qc7 15. b4 b6 16. Bb2 a5 17. Bc3 axb4 18. axb4 Bb7 19. Ne5 Rec8 20. Be2 Nh7 21. f4 Nf6 22. f5 exf5 23. Qxf5 Re8 24. Bd3 Rxa1 25. Rxa1 Bc8 26. Qf3 c5 27. bxc5 bxc5 28. Ba5 Qd6 29. Nc6 Bg4 30. Qg3 Qxc6 31. d5 Qd6 32. Qf2 Qe5 33. Re1 Qd4 34. Qxd4 Rxe1+ 35. Bxe1 cxd4 36. Ba5 Bc5 37. Kf2 Ne8 38. h3 Bh5 39. g4 Bg6 40. Bxg6 fxg6 41. Ke2 Kf7 42. Kd3 Ke7 43. Bd2 g5 44. Be1 Nf6 45. Bf2 Nd7 46. Bxd4 Bxd4 47. Kxd4 Kd6 48. Ke4 g6 49. Kd4 Nc5 50. Kc3 Ne4+ 0-1

[Event "Sao Paulo Sampa op"]
[Site "Sao Paulo"]
[Date "2024.01.30"]
[Round "2"]
[White "Santos, Isaque Goncalves"]
[Black "Matiuci, Bernardo Steinle"]
[Result "1-0"]
[WhiteElo "1996"]
[BlackElo "1546"]
[PlyCount "61"]
[EventDate "2024.01.29"]
[EventType "swiss"]
[EventRounds "9"]
[EventCountry "BRA"]
[SourceTitle "CB06_2024"]
[SourceDate "2024.02.07"]
[SourceVersion "1"]
[SourceVersionDate "2024.02.07"]
[SourceQuality "1"]

1. d4 Nf6 2. c4 e6 3. Nc3 Bb4 4. a3 Bxc3+ 5. bxc3 0-0 6. Qc2 d5 7. e3 b6 8. cxd5 exd5 9. Nf3 Nbd7 10. Bd3 Bb7 11. a4 c5 12. a5 c4 13. Bf5 b5 14. Qb1 a6 15. Ba3 Re8 16. Bb4 Nb8 17. Ne5 Nc6 18. Nxc6 Bxc6 19. 0-0 Bd7 20. Bc2 Rc8 21. Qb2 Rc6 22. Rac1 Ne4 23. f3 Qh4 24. Bxe4 dxe4 25. Qf2 Qh5 26. fxe4 Rf6 27. Qg3 Rg6 28. Qc7 Qg4 29. g3 Rxe4 30. Rf4 Rc6 31. Rxg4 1-0

[Event "Titled Tuesday intern op 19th Dec Early"]
[Site "Chess.com INT"]
[Date "2023.12.19"]
[Round "1"]
[White "Urquhart, Eddie"]
[Black "Santos, Isaque Goncalves"]
[Result "1-0"]
[WhiteElo "2209"]
[BlackElo "1996"]
[PlyCount "99"]
[EventDate "2023.12.19"]
[EventType "swiss (blitz)"]
[EventRounds "11"]
[EventCountry "USA"]
[SourceTitle "CB52_2023"]
[SourceDate "2023.12.27"]
[SourceVersion "1"]
[SourceVersionDate "2023.12.27"]
[SourceQuality "1"]

1. e4 e6 2. d4 d5 3. Nd2 Nf6 4. e5 Nfd7 5. c3 c5 6. f4 Nc6 7. Ndf3 Qb6 8. h4 h5 9. Nh3 Ne7 10. Bd3 c4 11. Bc2 g6 12. 0-0 Nf5 13. Kh2 Be7 14. Nhg5 Nf8 15. b3 cxb3 16. axb3 Qc7 17. Bd2 Bd7 18. Bd3 b5 19. Qe2 a6 20. c4 bxc4 21. bxc4 Bc6 22. c5 Nh7 23. Nxh7 Rxh7 24. g3 Rh8 25. Rxa6 Rxa6 26. Bxa6 Kf8 27. Bd3 Kg7 28. Ra1 Nh6 29. Kh3 Ng4 30. Nh2 Nh6 31. Ba5 Qb7 32. Bb6 Ra8 33. Qb2 Rxa1 34. Qxa1 Nf5 35. Nf3 Ne3 36. Qa7 Ng4 37. Qxb7 Bxb7 38. Kg2 Ne3+ 39. Kf2 Ng4+ 40. Ke2 Bc6 41. Ba6 f6 42. exf6+ Bxf6 43. Ne5 Bxe5 44. fxe5 Kh6 45. Bd8 Kg7 46. Bg5 Kf7 47. Kd2 Ke8 48. Bd3 Kf7 49. Be2 Bb5 50. Bxb5 1-0

[Event "Titled Tuesday intern op 12th Dec Early"]
[Site "Chess.com INT"]
[Date "2023.12.12"]
[Round "8"]
[White "Golubenko, Valentina"]
[Black "Santos, Isaque Goncalves"]
[Result "1-0"]
[WhiteElo "2209"]
[BlackElo "1996"]
[PlyCount "49"]
[EventDate "2023.12.12"]
[EventType "swiss (blitz)"]
[EventRounds "11"]
[EventCountry "USA"]
[SourceTitle "CB51_2023"]
[SourceDate "2023.12.20"]
[SourceVersion "1"]
[SourceVersionDate "2023.12.20"]
[SourceQuality "1"]

1. e4 e6 2. d4 d5 3. exd5 exd5 4. Nf3 Bd6 5. c4 c6 6. Nc3 Ne7 7. cxd5 cxd5 8. Bd3 0-0 9. h3 Nbc6 10. 0-0 Bf5 11. a3 Qd7 12. Re1 a6 13. Ne5 Qc8 14. Nxc6 bxc6 15. Qf3 Bxd3 16. Qxd3 Qf5 17. Qe3 Ng6 18. Bd2 Rfe8 19. Qxe8+ Rxe8 20. Rxe8+ Nf8 21. Rae1 f6 22. Rd8 Bc7 23. Ra8 Qd3 24. Ree8 Bd6 25. Bf4 1-0